[Event "Challenge"]
[Site "http://www.queenalice.com/game.php?id=1153938"]
[Date "2013.2.20"]
[Round "-"]
[White "Clarence"]
[Black "Andrei_78"]
[Result "1-0"]
[WhiteElo "1885"]
[BlackElo "1825"]

1. e4 e5 2. Nc3 c6 3. Nf3 Bd6 4. Bc4 h6 5. O-O Nf6 6. d3 O-O 7. Nh4 b5 8. Bb3 a6
9. Nf5 Bc5 10. Qf3 d6 11. Ne2 Bxf5 12. Qxf5 Nbd7 13. Qg6 d5 14. Qg3 Nh5 15. Qf3
Nhf6 16. Ng3 dxe4 17. Nxe4 Nxe4 18. dxe4 Nf6 19. Be3 Bxe3 20. Qxe3 Qc7 21. Rad1
Ng4 22. Qc5 Nf6 23. Rfe1 Nd7 24. Qe7 Rad8 25. Rd6 a5 26. a3 Kh8 27. Red1 a4 28.
Bxf7 Qc8 29. Rxh6+ gxh6 30. Rd6 Rxf7 31. Qxf7 Rf8 32. Rxh6# 1-0

[Event "Challenge"]
[Site "http://www.queenalice.com/game.php?id=1156108"]
[Date "2013.2.27"]
[Round "-"]
[White "Clarence"]
[Black "Andrei_78"]
[Result "1-0"]
[WhiteElo "1899"]
[BlackElo "1811"]

1. d4 d5 2. c4 dxc4 3. Nc3 c6 4. e4 Nf6 5. Bxc4 e6 6. Bg5 h6 7. Bh4 Bb4 8. Nf3
O-O 9. e5 Bxc3+ 10. bxc3 g5 11. Qd2 Ne4 12. Qe3 Nxf2 13. Bxf2 b5 14. Bd3 Nd7 15.
h4 g4 16. Qxh6 f5 17. Qxe6+ Rf7 18. Ng5 Nf8 19. Qb3 Ne6 20. Nxf7 Kxf7 21. Bxf5
Qe7 22. h5 Bd7 23. Bh4 Qe8 24. Bg6+ Kg7 25. Bf6+ Kh6 26. Qc2 Qc8 27. Qd2+ Ng5
28. Qxg5# 1-0

[Event "Challenge"]
[Site "http://www.queenalice.com/game.php?id=1158907"]
[Date "2013.3.7"]
[Round "-"]
[White "odone"]
[Black "Clarence"]
[Result "0-1"]
[WhiteElo "1868"]
[BlackElo "1911"]

1. d4 d5 2. c4 dxc4 3. e4 g6 4. Bxc4 Bg7 5. Nf3 Nc6 6. Be3 Nf6 7. Nc3 Na5 8.
Qa4+ c6 9. Qc2 Nxc4 10. Bf4 Nb6 11. O-O Be6 12. Rad1 Bg4 13. Qe2 Be6 14. e5 Bc4
15. Qe3 Ng4 16. Qc1 Bxf1 17. Kxf1 h5 18. h3 Rc8 19. hxg4 hxg4 20. Ng5 Nd5 21.
Ke2 Bh6 22. g3 Qb6 23. Na4 Qb5+ 24. Rd3 Qxa4 25. Ra3 Qxd4 26. Rd3 Nxf4+ 27. gxf4
Qb6 28. Rc3 Bxg5 29. fxg5 Rh2 30. Qg1 Qxb2+ 31. Kd3 Rd8+ 32. Kc4 Qb5# 0-1

[Event "Challenge"]
[Site "http://www.queenalice.com/game.php?id=1159236"]
[Date "2013.3.8"]
[Round "-"]
[White "Clarence"]
[Black "odone"]
[Result "1/2-1/2"]
[WhiteElo "1935"]
[BlackElo "1805"]

1. e4 e5 2. Nf3 Nc6 3. Bb5 d6 4. Nc3 Bd7 5. d3 Nf6 6. O-O Be7 7. Bc4 O-O 8. Be3
a6 9. d4 b5 10. Bb3 Na5 11. dxe5 dxe5 12. Nxe5 Nxb3 13. axb3 Bb4 14. Bg5 Be6 15.
Qf3 Bxc3 16. bxc3 h6 17. Nc6 Qd7 18. Ne5 Qd6 19. Bf4 Qe7 20. Nc6 Qc5 21. Ne5 a5
22. Nd3 Qxc3 23. Be5 Qxc2 24. Rfc1 Qxb3 25. Rc3 Bg4 26. Rxb3 Bxf3 27. gxf3 c6
28. Nc5 Rfe8 29. Bc7 a4 30. Rd3 Nh5 31. f4 Nf6 32. f3 Nh5 33. f5 Ra7 34. Bd6 g6
35. fxg6 fxg6 36. Kf2 g5 37. e5 Nf4 38. Re3 Nd5 39. Re4 a3 40. Nd3 Nc3 41. Ree1
a2 42. Bc5 Rd7 43. Bd6 Kg7 44. Nc5 Ra7 45. e6 b4 46. Be5+ Kg6 47. Nd7 Kf5 48.
Bd4 Rb7 49. Re5+ Kg6 50. Nc5 b3 51. Bxc3 b2 52. Bxb2 Rxb2+ 53. Kg1 Kf6 54. Re4
Rc2 55. Nb3 c5 56. Nxc5 Rxc5 57. Rxa2 Rc6 58. h4 Rcxe6 59. hxg5+ hxg5 60. Rg4
Re2 1/2-1/2

[Event "Challenge"]
[Site "http://www.queenalice.com/game.php?id=1170186"]
[Date "2013.4.10"]
[Round "-"]
[White "Eggchaser"]
[Black "Clarence"]
[Result "0-1"]
[WhiteElo "1775"]
[BlackElo "1941"]

1. e4 c5 2. Nf3 Nc6 3. d4 cxd4 4. Nxd4 Nf6 5. Nc3 d6 6. Be3 e5 7. Nb3 Be6 8. Be2
d5 9. exd5 Nxd5 10. Nxd5 Bxd5 11. O-O Be7 12. Bc5 O-O 13. Bxe7 Nxe7 14. Nc5 b6
15. Nd3 Ng6 16. Re1 f5 17. Bh5 e4 18. Nb4 Nf4 19. Be2 Qg5 20. g3 Nh3+ 21. Kg2
Bb7 22. Kxh3 f4 23. Bc4+ Kh8 0-1

[Event "Challenge"]
[Site "http://www.queenalice.com/game.php?id=1170188"]
[Date "2013.4.10"]
[Round "-"]
[White "Clarence"]
[Black "Eggchaser"]
[Result "1-0"]
[WhiteElo "1950"]
[BlackElo "1828"]

1. d4 Nf6 2. c4 c5 3. Nf3 cxd4 4. Nxd4 e5 5. Nb3 d5 6. Bg5 Bb4+ 7. Bd2 Bxd2+ 8.
Qxd2 O-O 9. e3 Be6 10. c5 Nc6 11. Be2 a5 12. Nc3 a4 13. Nc1 Qa5 14. O-O Qxc5 15.
Nd3 Qe7 16. f3 Rfd8 17. f4 e4 18. Ne5 d4 19. Nb5 dxe3 20. Qxe3 Nxe5 21. fxe5 Nd5
22. Qxe4 Qc5+ 23. Kh1 Rac8 24. Qxa4 Qb4 25. Qa7 Qxb2 26. Qf2 Rc2 27. Nd4 Rd2 28.
Nxe6 Rxe2 29. Qxf7+ 1-0

[Event "Challenge"]
[Site "http://www.queenalice.com/game.php?id=1170753"]
[Date "2013.4.12"]
[Round "-"]
[White "Clarence"]
[Black "wmalone"]
[Result "1-0"]
[WhiteElo "1930"]
[BlackElo "1946"]

1. e4 c5 2. Nf3 Nc6 3. d4 cxd4 4. Bc4 e6 5. O-O Bc5 6. e5 d5 7. Bd3 Nge7 8. Bg5
O-O 9. Bh4 Qc7 10. Bg3 Ng6 11. Nbd2 Ncxe5 12. Nxe5 Nxe5 13. Nf3 Nxf3+ 14. Qxf3
Qe7 15. Qh5 g6 16. Qh6 Qf6 17. Rae1 Qg7 18. Qh4 Bd7 19. Bf4 Qh8 20. Bh6 Rfe8 21.
Bg5 Bf8 22. f4 Bg7 23. Re2 h6 24. Be7 f6 25. Bd6 f5 26. Qg3 Qh7 27. Rfe1 Rac8
28. h4 Rc6 29. Ba3 a6 30. b3 b5 31. Kf2 Bf8 32. Bb2 Bg7 33. h5 Kh8 34. hxg6 Qg8
35. Rh1 Qf8 36. Ree1 b4 37. Rh5 Qf6 38. Reh1 Re7 39. a3 a5 40. a4 Be8 41. Ke2
Qxg6 42. Rg5 Qf6 43. Qf2 Kg8 44. Rg3 e5 45. Kf1 e4 46. Bxd4 e3 47. Bxf6 exf2 48.
Bxe7 Kh7 49. Bd8 Bd4 50. Bxa5 Re6 51. Bxf5+ Rg6 52. Bxg6+ Bxg6 53. Rxg6 1-0

[Event "Challenge"]
[Site "http://www.queenalice.com/game.php?id=1175086"]
[Date "2013.4.25"]
[Round "-"]
[White "Clarence"]
[Black "AlekinePb"]
[Result "1-0"]
[WhiteElo "1918"]
[BlackElo "1955"]

1. d4 Nf6 2. c4 e6 3. Nc3 Bb4 4. Bg5 Bxc3+ 5. bxc3 O-O 6. e4 h6 7. Bh4 g5 8. Bg3
Nxe4 9. Bd3 d5 10. h4 f5 11. hxg5 hxg5 12. Qh5 Nf6 13. Qg6# 1-0

[Event "Challenge"]
[Site "http://www.queenalice.com/game.php?id=1178925"]
[Date "2013.5.5"]
[Round "-"]
[White "Clarence"]
[Black "blackdogwhisky"]
[Result "1-0"]
[WhiteElo "1924"]
[BlackElo "1046"]

1. d4 g6 2. e4 Bh6 3. f4 b6 4. Bc4 Ba6 5. Qd3 Bxc4 6. Qxc4 a5 7. Nf3 Qc8 8. O-O
Qa6 9. Qb3 a4 10. Qc3 Qc8 11. d5 Qa6 12. Qxh8 Bf8 13. Qxg8 d6 14. f5 Nd7 15.
fxg6 hxg6 16. Ng5 Nf6 17. Qxf7+ Kd7 18. Rxf6 Qe2 19. Qe6+ Ke8 20. Rxf8+ Kxf8 21.
Qf7# 1-0

[Event "Challenge"]
[Site "http://www.queenalice.com/game.php?id=1179108"]
[Date "2013.5.6"]
[Round "-"]
[White "ymfrancois"]
[Black "Clarence"]
[Result "1-0"]
[WhiteElo "1928"]
[BlackElo "1926"]

1. d4 Nf6 2. Bf4 d5 3. e3 Bf5 4. Nf3 e6 5. Be2 Nbd7 6. O-O c5 7. c4 Nb6 8. Qb3
Be7 9. Qb5+ Nfd7 10. Be5 f6 11. Bg3 Bc2 12. Na3 a6 13. Qa5 Rc8 14. Nxc2 O-O 15.
b3 dxc4 16. bxc4 cxd4 17. Ncxd4 Nc5 18. Nb3 Ne4 19. Nfd4 Nxc4 20. Bxc4 Qxa5 21.
Nxa5 Kh8 22. Bxe6 Rc3 23. Nab3 b5 24. Nf5 Bb4 25. Bd5 Nc5 26. Nxc5 Rxc5 27. Bd6
1-0

[Event "Schwartz"]
[Site "http://www.queenalice.com/game.php?id=1179294"]
[Date "2013.5.7"]
[Round "-"]
[White "Clarence"]
[Black "Werni"]
[Result "1/2-1/2"]
[WhiteElo "1902"]
[BlackElo "2119"]

1. e4 c5 2. Nf3 g6 3. Bc4 Bg7 4. O-O Nc6 5. Nc3 d6 6. Re1 Nf6 7. Nd5 Nxd5 8.
exd5 Ne5 9. Nxe5 Bxe5 10. c3 O-O 11. d4 cxd4 12. cxd4 Bf6 13. Be3 Qb6 14. Bb3
Bf5 15. Rc1 Rac8 16. Rc3 Rxc3 17. bxc3 Rc8 18. c4 Qa5 19. Bd2 Qc7 20. Bh6 Re8
21. Qf3 Bxd4 22. g4 Bc8 23. h4 Bd7 24. h5 gxh5 25. gxh5 b6 26. Kh1 f5 27. Rg1+
Kh8 28. Qg3 f4 29. Qg5 Bg4 30. Qxg4 e6 31. Qxf4 Be5 32. Qg5 Qf7 33. dxe6 Qf3+
34. Rg2 Qh3+ 35. Kg1 Qc3 36. Kh1 Qe1+ 37. Rg1 Qe4+ 38. Rg2 Qe1+ 39. Rg1 Qe4+ 40.
Rg2 Qe1+ 41. Rg1 Qe4+ 1/2-1/2

[Event "Weiss"]
[Site "http://www.queenalice.com/game.php?id=1179295"]
[Date "2013.5.7"]
[Round "-"]
[White "Werni"]
[Black "Clarence"]
[Result "1-0"]
[WhiteElo "2113"]
[BlackElo "1910"]

1. e4 e5 2. Nf3 Nf6 3. Nxe5 d6 4. Nf3 Nxe4 5. Nc3 Nf6 6. d4 d5 7. Bd3 Bg4 8. h3
Bh5 9. g4 Bg6 10. Bxg6 fxg6 11. Qe2+ Be7 12. Qb5+ Nbd7 13. Qxb7 O-O 14. Nxd5 Ne4
15. Nxc7 Rb8 16. Qxe4 Qxc7 17. O-O Bd6 18. c3 Qc4 19. Nd2 Qa6 20. c4 Rbe8 21.
Qd5+ Kh8 22. c5 Bb8 23. Qxd7 Qd3 24. g5 Rd8 25. Qg4 Rxd4 26. Qe6 Rd5 27. Nb3
Rdf5 28. Be3 Qe2 29. Nd4 Qh5 30. Nxf5 Qxh3 31. f4 Qg4+ 32. Kh2 gxf5 33. c6 Qh5+
34. Kg2 Qg4+ 35. Kf2 Qh4+ 36. Ke2 Qh5+ 37. Kd3 Re8 38. Qd7 1-0

[Event "Challenge"]
[Site "http://www.queenalice.com/game.php?id=1193267"]
[Date "2013.6.22"]
[Round "-"]
[White "Clarence"]
[Black "bobifixer"]
[Result "0-1"]
[WhiteElo "1965"]
[BlackElo "1921"]

1. d4 Nf6 2. Nf3 d5 3. c4 e6 4. Nc3 Bb4 5. a3 Bxc3+ 6. bxc3 O-O 7. Bg5 dxc4 8.
e4 h6 9. Bh4 g5 10. Bg3 Nxe4 11. Rc1 Nxg3 12. hxg3 Qf6 13. Ne5 Kg7 14. Ng4 Qf5
15. Ne5 Nd7 16. Qh5 Rh8 17. Ng4 Qe4+ 18. Ne3 Nf6 19. Qe2 b5 20. f3 Qg6 21. Qb2
a6 22. Be2 Bb7 23. Bd1 Nd5 24. Bc2 f5 25. Kf2 Nxe3 26. Kxe3 Qf6 27. Kf2 Bd5 28.
Rb1 Rae8 29. Qb4 e5 30. Qc5 c6 31. a4 exd4 32. cxd4 Re7 33. Rhe1 Rxe1 34. Rxe1
Kf7 35. Qa7+ Kg6 36. Re5 Be6 37. Qc5 Kg7 38. Qxc6 Bc8 0-1

[Event "Challenge"]
[Site "http://www.queenalice.com/game.php?id=1193269"]
[Date "2013.6.22"]
[Round "-"]
[White "Clarence"]
[Black "brunkali"]
[Result "0-1"]
[WhiteElo "1911"]
[BlackElo "2068"]

1. e4 e6 2. d4 d5 3. e5 c5 4. Nf3 Qb6 5. Nc3 a6 6. Na4 Qb4+ 7. c3 Qa5 8. Bd2 Bd7
9. b3 Bxa4 10. bxa4 c4 11. Rb1 Qc7 12. a5 f6 13. Rb6 Nc6 14. Qe2 Nxa5 15. Rxe6+
Be7 16. exf6 Nxf6 17. g3 Nc6 18. Bf4 Qa5 19. Qd2 O-O 20. Bh3 Ne4 21. Qc2 Qxc3+
22. Qxc3 Nxc3 23. O-O Kh8 24. Rfe1 Bb4 25. Bd2 Rxf3 26. Bf4 Ne4 27. Bg2 Rxf4 28.
Rf1 Rf6 0-1

[Event "Challenge"]
[Site "http://www.queenalice.com/game.php?id=1193270"]
[Date "2013.6.22"]
[Round "-"]
[White "brunkali"]
[Black "Clarence"]
[Result "1-0"]
[WhiteElo "2084"]
[BlackElo "1911"]

1. d4 d5 2. c4 Nf6 3. e3 Nc6 4. cxd5 Nxd5 5. Nc3 Bf5 6. Bd3 Bxd3 7. Qxd3 e6 8.
Nge2 Nf6 9. O-O Bd6 10. e4 e5 11. d5 Ne7 12. Qb5+ Nd7 13. Qxb7 Nb6 14. Qa6 O-O
15. Be3 f5 16. f3 f4 17. Bf2 Rf6 18. Qd3 Nd7 19. Nb5 Nc5 20. Bxc5 Bxc5+ 21. Kh1
Rh6 22. Qc4 Bd6 23. Rac1 Nc8 24. Nxc7 Nb6 25. Qb3 Rc8 26. Ne6 Qh4 27. h3 Rb8 28.
Rc6 Nc8 29. Rxc8+ Rxc8 30. Qb7 Rc7 31. Nxc7 Qe7 32. Rc1 Kf7 33. Qxa7 Kg6 34. Nb5
Qd8 35. Nxd6 1-0

[Event "Challenge"]
[Site "http://www.queenalice.com/game.php?id=1198296"]
[Date "2013.7.9"]
[Round "-"]
[White "Clarence"]
[Black "ymfrancois"]
[Result "1-0"]
[WhiteElo "1923"]
[BlackElo "1956"]

1. d4 d5 2. Nf3 Nf6 3. c4 c6 4. Nc3 Bg4 5. Ne5 Bf5 6. Bf4 e6 7. e3 Qa5 8. Bd3
Bb4 9. O-O Bxd3 10. Qxd3 Be7 11. e4 dxe4 12. Nxe4 Nxe4 13. Qxe4 O-O 14. Be3 Bf6
15. Ng4 Nd7 16. Rfd1 Bg5 17. Bxg5 Qxg5 18. Rd3 Nf6 19. Nxf6+ Qxf6 20. Rh3 g6 21.
Rf3 Qg7 22. h4 Rfd8 23. Rd1 e5 24. d5 f5 25. Qe2 e4 26. Rg3 Rd6 27. Qd2 h6 28.
Qb4 Rad8 29. Rb3 R8d7 30. Rc1 cxd5 31. c5 Rc6 32. Ra3 b6 33. Ra6 bxc5 34. Qb8+
Kh7 35. Rxc6 c4 36. Rc8 d4 37. R8xc4 d3 38. R4c3 d2 39. Rd1 Qf7 40. Qb3 Qg7 41.
Rc2 Rd3 42. Qb4 h5 43. Rdxd2 Qf6 44. Rxd3 exd3 45. Rc7+ Kh6 46. Qd2+ g5 47.
hxg5+ 1-0

[Event "Challenge"]
[Site "http://www.queenalice.com/game.php?id=1216443"]
[Date "2013.9.12"]
[Round "-"]
[White "Clarence"]
[Black "tucuman"]
[Result "1-0"]
[WhiteElo "1957"]
[BlackElo "1755"]

1. d4 d5 2. Nf3 h6 3. c4 Nc6 4. Nc3 dxc4 5. e4 Bd7 6. Bxc4 e6 7. d5 Nce7 8. O-O
g6 9. Nd4 a6 10. dxe6 fxe6 11. Bxe6 Bg7 12. Bb3 Nf6 13. e5 Nh5 14. f4 Nf5 15.
Nd5 c6 16. Ne3 Qe7 17. Nexf5 Qc5 18. Nd6+ Ke7 19. Be3 Raf8 20. N4f5+ gxf5 21.
Bxc5 Rb8 22. Qxh5 Be8 23. Nxb7+ 1-0

[Event "Challenge"]
[Site "http://www.queenalice.com/game.php?id=1218462"]
[Date "2013.9.20"]
[Round "-"]
[White "onfs2"]
[Black "Clarence"]
[Result "0-1"]
[WhiteElo "1960"]
[BlackElo "1940"]

1. e4 c5 2. Nf3 Nc6 3. Bc4 e6 4. O-O a6 5. a4 Nf6 6. Qe2 Be7 7. Ng5 d5 8. e5 Nd7
9. Nxf7 Kxf7 10. Qh5+ g6 11. Qf3+ Ke8 12. Ba2 Nd4 13. Qc3 Ne2+ 0-1